Statistics for Elements multiple choice

Click here to take the quiz!

General Stats

  • This quiz has been taken 25 times
  • The average score is 5 of 10

Answer Stats

QuestionAnswer% Correct
Which of these is NOT radioactive?Bismuth
76%
# of elements118
71%
NEVER solidHelium
71%
Highest Boiling pointTungsten
67%
Most recently discoveredOganesson
52%
# of radioactive elements38
48%
Is used to make luminous paintRadium
38%
# of non- radioactive elements (use math)79
29%
35th elementBromine
24%
# of partial radioactive elements1
19%

Score Distribution

Percentile by Number Answered

Percent of People with Each Score

Your Score History

You have not taken this quiz